| 000 | 00499nam a22001577a 4500 | ||
|---|---|---|---|
| 008 | 150311b xxu||||| |||| 00| 0 eng d | ||
| 050 | _aPE1128.C998 | ||
| 100 |
_aCzerniewska, Pam _916175 |
||
| 245 |
_aPatterns of Language _cPam Czerniewska |
||
| 260 |
_aBritain _bThe Open University Press _c1979 |
||
| 300 |
_a120p. ; _c30cm. |
||
| 440 |
_aPE 232 _nblock 2 _916176 |
||
| 650 |
_aEnglish language _xtextbooks for foreign students _916172 |
||
| 700 |
_aTwite, Sally _916600 |
||
| 942 |
_2lcc _cMONOGRAPH |
||
| 999 |
_c122391 _d122391 |
||